|
|
|
|
| LEADER |
00000nab a2200000 a 4500 |
| 001 |
vtls000783070 |
| 003 |
SK-MaSNL |
| 005 |
20260302153431.0 |
| 008 |
180206c2001 xo 0 slo |
| 015 |
|
|
|a SNBRB2002/02-05107
|
| 035 |
|
|
|a CLN000134781
|
| 040 |
|
|
|a SNKBUCL
|b slo
|c SNKBUCL
|e AACR2
|
| 041 |
0 |
|
|a slo
|
| 044 |
|
|
|a xo
|c SK
|
| 080 |
|
|
|a 658.512.2:061.25:061.3
|2 UDC-MRF-SK2
|
| 100 |
1 |
|
|a Fábriová, Ľubica,
|d 1961-
|4 aut
|9 387408
|
| 245 |
1 |
0 |
|a Oullim - Kongres ICSID-u 2001 v Soule
|c Ľubica Fábri
|
| 300 |
|
|
|b Fotogr.
|
| 610 |
|
7 |
|a Medzinárodná rada združení priemyselného dizajnu
|b Valné zhromaždenie
|d 2001
|2 snkbucl
|9 848477
|
| 655 |
|
7 |
|a články z novín a časopisov
|2 snkbucl
|9 267496
|
| 773 |
0 |
|
|x 1335-034X
|t DE SIGN UM
|g Roč. 8, č. 3 (2001), s. 8-11
|
| 850 |
|
|
|a Slovenská národná knižnica v Martine
|
| 852 |
|
|
|a SNK
|b KIS3GCP
|
| 958 |
|
|
|a RBX
|
| 999 |
|
|
|c 1365414
|d 1367344
|